Dark Souls Bosses - Sudden Death - Statistics

General Stats
  • This quiz has been taken 460 times
  • The average score is 6 of 25
Answers on the Grid
Answers color-coded by a green-red scale on the quiz's grid according to % correct below.
Bell Gargoyle
Demon Firesage
Great Grey Wolf Sif
Gwyn Lord of Cinder
Pinwheel
Knight Artorias
Black Dragon Kalameet
The Bed of Chaos
The Last Giant
Royal Rat Authority
The Duke's Dear Freja
Nashandra
The Pursuer
Ruin Sentinel
Sir Alonne
Aava, the King's Pet
Champion Gundyr
Abyss Watchers
Pontiff Sulyvahn
Dancer of the Boreal Valley
Nameless King
Sister Friede
Halflight, Spear of the Church
Deacons of the Deep
Iudex Gundyr
Lorian, Younger Prince
Old Wyvern
High Lord Wolfgang
Old Demon Lord
Soul of Ashes
Burnt Copper King
Fume Warrior
Sly, the Slumbering Dragon
Royal Rat Army
The First Giant
Giant Golem
Moonrise Butterfly
Sith the Scaleless
Five Kings
Great White Wolf Sif
Isshin, the Sword Saint
Martyr Logarius
Tower Knight
Demi-Human Queen Margot
Ulcerated Tree Spirit
Sentient Pest
Stone Talus
Sire Lonely
Derrick the Executioner
Solaire of Astora
 
Answer Stats
Answer % Correct
Gwyn Lord of Cinder
37%
Demon Firesage
31%
Abyss Watchers
27%
Champion Gundyr
27%
Deacons of the Deep
26%
Bell Gargoyle
25%
Black Dragon Kalameet
24%
Great Grey Wolf Sif
24%
Knight Artorias
24%
Pinwheel
24%
Dancer of the Boreal Valley
22%
Nameless King
22%
Sister Friede
22%
The Bed of Chaos
22%
The Duke's Dear Freja
22%
Pontiff Sulyvahn
21%
Royal Rat Authority
21%
The Last Giant
21%
Iudex Gundyr
18%
Sir Alonne
18%
Halflight, Spear of the Church
17%
Nashandra
17%
Ruin Sentinel
17%
The Pursuer
17%
Aava, the King's Pet
12%
No matching quizzes found
Score Distribution
Percent of People with Each Score
Percentile by Number Answered
Your Score History
You have not taken this quiz